| 000 | 00955nam a2200229 a 4500 | ||
|---|---|---|---|
| 001 | 54427 | ||
| 003 | BD-RjUL | ||
| 005 | 20211209080122.0 | ||
| 008 | 161106s1982 ii ||||| |||| 00| 0 ben d | ||
| 035 | _a(BD-RjUL)54549 | ||
| 040 |
_aBD-RjUL _bben _cBD-RjUL _dBD-RjUL |
||
| 041 | _aben | ||
| 082 |
_223 _a891.4409 _bSAD 1982 |
||
| 100 |
_aশাসমল, সুধাংশুশেখর _9162435 |
||
| 245 | 1 | 0 |
_aধ্বনির শিল্প রবীন্দ্র সঙ্গীত / _cসুধাংশুশেখর শাসমল |
| 260 |
_aকলকাতা : _bদেজ পাবলিশিং, _c১৯৮২. |
||
| 300 |
_a৪২৯ পৃ. ; _c২৩ সেমি. |
||
| 504 | _aগ্রন্থপঞ্জি সংযুক্ত | ||
| 650 |
_aবাংলা সাহিত্য _vইতিহাস ও সমালোচনা _9117445 |
||
| 650 |
_aBengali Literature _vHistory and Criticism _9162436 |
||
| 942 |
_2ddc _cBK |
||
| 999 |
_c54427 _d54427 |
||